000 00941nas a2200289 4500
001 BR2011007036
003 BR-BrBNA
005 20231205115910.0
007 ta
008 230509b bl.|||p| |||| 00| 00por d
040 _aBR-BrBNA
_bpor
_cBiblioteca Nacional de Agricultura
041 _a(Pt)
072 _aT10; L01
100 1 _aSilveira, N.A.
100 1 _aNaas, I. de A.
100 1 _aMoura, D.J. de
100 1 _aSalgado, D.D.
245 1 _aAmbiência aérea em maternidade e creche de suínos
650 _aPRODUÇÃO ANIMAL
650 _aCONFINAMENTO
650 _aABRIGO PARA ANIMAL
650 _aTRABALHADOR RURAL
773 0 _tEngenharia Agrícola (Brazil)
_xISSN 1808-4389
_g(Jul-Sep 2009), v. 29(3) p. 348-357
_wBR2011007036
856 4 0 _uhttp://www.scielo.br/scielo.php?script=sci_abstract pid=S0100-69162009000300002 lng=pt nrm=iso tlng=pt
909 _a202311
_bLúcia
_c55
_dLúcia Elande
942 _2AGRIS
_n0
_cANA
999 _c216212
_d216212